| 000 | 00343nam a2200133Ia 4500 | ||
|---|---|---|---|
| 005 | 20251222141953.0 | ||
| 008 | 251222s9999||||xx |||||||||||||| ||spa|| | ||
| 020 | _a84-7827-263-1 | ||
| 082 | _a371.148/A62 | ||
| 100 | _aAntúnez, Serafín | ||
| 245 | 0 | _aDinámicas Colaborativas en El Trabajo del Profesorado: | |
| 264 | _bGraó | ||
| 942 | _cLIB | ||
| 999 |
_c9754 _d9754 |
||